| 000 | 00433nam a2200157Ia 4500 | ||
|---|---|---|---|
| 008 | 210716s2014 xx 000 0 und d | ||
| 020 | _a9789351422082 | ||
| 041 | _aeng | ||
| 082 | _a658 SRIR | ||
| 100 | _aSrinivasan, R;Chunawalla, | ||
| 245 |
_aManagement: principles and practice. _bPrinciples and practice. |
||
| 250 | _a1 | ||
| 260 |
_aMumbai _bHimalaya Publishing House _c2014 |
||
| 300 | _a481 | ||
| 650 | _aManagement(658) | ||
| 999 |
_c210484 _d210484 |
||